000 00642nam a2200181Ia 4500
008 090123s9999 xx 000 0 und d
082 _b7434
_a891.463/काकोड
100 _aकाकोडकर चंद्रकांत कल्याणदास
245 _aरसिका
250 _a1
260 _bवसंत प्रकाशन
300 _a218
600 _aकाकोडकर चंद्रकांत कल्याणदास
630 _aरसिका
700 _aकाकोडकर चंद्रकांत कल्याणदास
730 _aरसिका
942 _cBOOK
999 _c45500
_d45500